Loading...
| History - American | 0 | 5 | 1 | 0 | 45 | 47 | 53.00 | 2 | 4 | 0.00 | 0.00 |
| Painting/Sculpture | 0 | 5 | 1 | 0 | 45 | 12 | 41.00 | 2 | 5 | 0.00 | 0.00 |
| History - World | 0 | 5 | 2 | 0 | 40 | 18 | 38.60 | 4 | 5 | 0.00 | 0.00 |
| Literature - American | 0 | 4 | 0 | 1 | 40 | 63 | 77.50 | 0 | 1 | 0.00 | 0.00 |
| Fine Arts - Classical Music | 0 | 3 | 0 | 0 | 30 | 49 | 63.33 | 0 | 2 | 0.00 | 0.00 |
| Literature - World | 0 | 3 | 0 | 0 | 30 | 51 | 77.00 | 1 | 1 | 0.00 | 0.00 |
| History - European | 0 | 3 | 1 | 1 | 25 | 35 | 64.33 | 1 | 2 | 0.00 | 0.00 |
| Religion | 0 | 4 | 3 | 1 | 25 | 27 | 58.75 | 1 | 3 | 0.00 | 0.00 |
| Literature - European | 0 | 3 | 1 | 1 | 25 | 81 | 100.00 | 0 | 2 | 0.00 | 0.00 |
| Social Science | 0 | 2 | 0 | 1 | 20 | 56 | 79.50 | 0 | 0 | 0.00 | 0.00 |
| Literature - British | 0 | 2 | 0 | 0 | 20 | 29 | 42.50 | 0 | 2 | 0.00 | 0.00 |
| Philosophy | 0 | 2 | 1 | 1 | 15 | 57 | 84.50 | 1 | 1 | 0.00 | 0.00 |
| History - Other | 0 | 1 | 0 | 0 | 10 | 44 | 44.00 | 1 | 1 | 0.00 | 0.00 |
| Pop Culture | 0 | 1 | 0 | 0 | 10 | 26 | 26.00 | 0 | 0 | 0.00 | 0.00 |
| Fine Arts - Other | 0 | 1 | 1 | 0 | 5 | 47 | 47.00 | 1 | 1 | 0.00 | 0.00 |
| Mythology | 0 | 0 | 0 | 0 | 0 | 0.00 | 0 | 0 | 0.00 | 0.00 | |
| Current Events | 0 | 0 | 3 | 0 | -15 | 0.00 | 0 | 0 | 0.00 | 0.00 |